000 00355nam a2200145Ia 4500
008 230719s9999 xx 000 0 und d
041 _aeng
082 _a332.1'2'0924
_bSUB
100 _aSubramanian R.
_9117783
245 _aIf God Was A Banker
260 _c2010
_bRupa.Co
300 _a260
365 _cRs.
_b98.00
700 _aSubramanian R.
_9117783
999 _c354443
_d354443